Statistics for Football players who have played for Chelsea and Manchester City

Click here to take the quiz!

General Stats

  • This quiz has been taken 496 times
    (87 since last reset)
  • The average score is 7 of 26

Answer Stats

Years at ChelseaYears at Man CityPlayer% Correct
2022-present2015-2022Raheem Sterling
82%
2023-present2020-2023Cole Palmer
74%
2001-20142014-2015Frank Lampard
70%
2018-2019 (loan),2019-20232023-presentMateo Kovačić
70%
2012-20142015-presentKevin De Bruyne
64%
2012-20172020-presentNathan Ake
54%
2008-20122002-2005Nicolas Anelka
50%
2005-20081999-2005,2008-2011Shaun Wright-Phillips
45%
2009-20132006-2009Daniel Sturridge
32%
2003-20092009-2013Wayne Bridge
30%
2017-20212014-2017Willy Caballero
30%
2023-present2021-2022Romeo Lavia
24%
2000 (loan)2000George Weah
16%
2007-20082008-2009Tal Ben Haim
14%
2005-20102012-2015Scott Sinclair
13%
1991-19921989-1991Clive Allen
9%
1995-19971992-1995Terry Phelan
9%
1994-19981993-1994David Rocastle
7%
1987-19901979-1987,1987 (loan)Clive Wilson
5%
1997-19981999 (loan),1999-2001Danny Granville
5%
1984-19851985-1986Gordon Davies
4%
1998 (loan)2000-2002Laurent Charvet
4%
1980-19821978-1980Colin Viljoen
3%
19631963-1965Derek Kevan
3%
19141919-1925Max Woosnam
1%
1905-19061903-1905Frank Pearson
0%

Score Distribution

Percentile by Number Answered

Percent of People with Each Score

Your Score History

You have not taken this quiz since the last reset